=LDR 00000nam 2200000 4500 =001 INLIS000000000016699 =005 20130612111946 =008 ***********************************Ind** =035 ##$$0010-061300000016699 =041 ##$$a Ind =090 ##$$a R.621.310 26, Ind u =260 ##$$a 2002 $b Bandung =300 ##$$a 83 hlm, 21 cm =650 ##$$a Listrik-Tenaga-Undang-Undang dan Perturan =850 ##$$a NBPNMAT